000 00566nam a22002057a 4500
001 00028464
005 20260305182600.0
008 260305b ag ||||| |||| 00| 0 spa d
020 _a9502311167
040 _bspa
_cAR-CcCEOS
080 _a159.9.072
090 _bWAI
100 _aMartín Wainstein
_9770
245 _aIntervenciones con individuos, parejas, familias y organizaciones /
_cMartín Wainstein
250 _a1a ed.
260 _aBuenos Aires :
_bEudeba,
_cc2000.
300 _a150 p. ;
_c19x13 cm.
650 0 _apsicología
942 _2udc
_cBK
999 _c28490
_d28490
945 _a66467
_bMelina Rolando
_c66467
_dMelina Rolando